| 000 -LEADER |
| fixed length control field |
01234cam a22002894a 4500 |
| 003 - CONTROL NUMBER IDENTIFIER |
| control field |
OSt |
| 005 - DATE AND TIME OF LATEST TRANSACTION |
| control field |
20231116145242.0 |
| 008 - FIXED-LENGTH DATA ELEMENTS--GENERAL INFORMATION |
| fixed length control field |
030204s2003 nyua b 000 0 eng |
| 020 ## - INTERNATIONAL STANDARD BOOK NUMBER |
| International Standard Book Number |
9781568983653 |
| 040 ## - CATALOGING SOURCE |
| Original cataloging agency |
BMSCA |
| 041 ## - LANGUAGE CODE |
| Language code of text/sound track or separate title |
eng |
| 082 00 - DEWEY DECIMAL CLASSIFICATION NUMBER |
| Classification number |
720.105 |
| Edition number |
21 |
| Item number |
PIC |
| 245 00 - TITLE STATEMENT |
| Title |
Architecture and the sciences : |
| Remainder of title |
exchanging metaphors / |
| Statement of responsibility, etc |
Antoine Picon and Alessandra Ponte, editors ; foreword by Ralph Lerner. |
| 250 ## - EDITION STATEMENT |
| Edition statement |
1st ed. |
| 260 ## - PUBLICATION, DISTRIBUTION, ETC. (IMPRINT) |
| Place of publication, distribution, etc |
New York, N.Y. : |
| Name of publisher, distributor, etc |
Princeton Architectural Press ; |
| Place of publication, distribution, etc |
Princeton, N.J. : |
| Name of publisher, distributor, etc |
Princeton University School of Architecture, |
| Date of publication, distribution, etc |
c2003. |
| 300 ## - PHYSICAL DESCRIPTION |
| Extent |
357 p. : |
| Other physical details |
ill. ; |
| Dimensions |
23 cm. |
| 440 #0 - SERIES STATEMENT/ADDED ENTRY--TITLE |
| Title |
Princeton papers on architecture ; |
| Volume number/sequential designation |
4 |
| 500 ## - GENERAL NOTE |
| General note |
Book emerged from a symposium sponsored by the School of Architecture at Princeton University during November 2000. |
| 504 ## - BIBLIOGRAPHY, ETC. NOTE |
| Bibliography, etc |
Includes bibliographical references. |
| 650 #0 - SUBJECT ADDED ENTRY--TOPICAL TERM |
| Topical term or geographic name as entry element |
Architecture and science. |
| 650 #0 - SUBJECT ADDED ENTRY--TOPICAL TERM |
| Topical term or geographic name as entry element |
Architectural design. |
| 700 1# - ADDED ENTRY--PERSONAL NAME |
| Personal name |
Picon, Antoine. |
| 700 1# - ADDED ENTRY--PERSONAL NAME |
| Personal name |
Ponte, Alessandra. |
| 856 42 - ELECTRONIC LOCATION AND ACCESS |
| Materials specified |
Publisher description |
| Uniform Resource Identifier |
<a href="http://www.loc.gov/catdir/enhancements/fy0722/2003002305-d.html">http://www.loc.gov/catdir/enhancements/fy0722/2003002305-d.html</a> |
| 856 42 - ELECTRONIC LOCATION AND ACCESS |
| Materials specified |
Contributor biographical information |
| Uniform Resource Identifier |
<a href="http://www.loc.gov/catdir/enhancements/fy0738/2003002305-b.html">http://www.loc.gov/catdir/enhancements/fy0738/2003002305-b.html</a> |
| 942 ## - ADDED ENTRY ELEMENTS (KOHA) |
| Source of classification or shelving scheme |
|